Đại số Lie giải được và lũy linh : Luận văn thạc sĩ. Chuyên ngành: Đại số và lý thuyết số
Luận văn gồm có lời nói đầu, kết luận và 4 chương được trình bày trong 47 trang A4: Trình bày kiến thức chuẩn bị về đại số tuyến tính và đặc biệt là về đại số Lie làm cơ sở cho các chương sau; Trình bày khái niệm và các tính chất co...
Uloženo v:
| Hlavní autor: | |
|---|---|
| Médium: | Kniha |
| Jazyk: | Undetermined |
| Vydáno: |
Cần Thơ
Trường Đại học Cần Thơ
2012
|
| Témata: | |
| Tagy: |
Přidat tag
Žádné tagy, Buďte první, kdo otaguje tento záznam!
|
| Thư viện lưu trữ: | Trung tâm Học liệu Trường Đại học Cần Thơ |
|---|
| LEADER | 01509nam a2200217Ia 4500 | ||
|---|---|---|---|
| 001 | CTU_174720 | ||
| 008 | 210402s9999 xx 000 0 und d | ||
| 082 | |a 512.7 | ||
| 082 | |b T500 | ||
| 088 | |a 60460104 | ||
| 100 | |a Nguyễn, Thị Cẩm Tú | ||
| 245 | 0 | |a Đại số Lie giải được và lũy linh : | |
| 245 | 0 | |b Luận văn thạc sĩ. Chuyên ngành: Đại số và lý thuyết số | |
| 245 | 0 | |c Nguyễn Thị Cẩm Tú ; Lê Anh Vũ (Người hướng dẫn khoa học) | |
| 260 | |a Cần Thơ | ||
| 260 | |b Trường Đại học Cần Thơ | ||
| 260 | |c 2012 | ||
| 520 | |a Luận văn gồm có lời nói đầu, kết luận và 4 chương được trình bày trong 47 trang A4: Trình bày kiến thức chuẩn bị về đại số tuyến tính và đặc biệt là về đại số Lie làm cơ sở cho các chương sau; Trình bày khái niệm và các tính chất cơ bản mở đầu đại số Lie giải được và lũy linh; Giới thiệu cấu trúc của các đại số Lie tuyến tính tổng quát; Trình bày hai định lý quan trọng đặc trưng cho đại số Lie được lũy linh - đó là định lý Engel và định lý Lie. | ||
| 650 | |a Đại số,Số học,Algebra,Arithmetic | ||
| 904 | |i Cẩm Thân | ||
| 980 | |a Trung tâm Học liệu Trường Đại học Cần Thơ | ||